Numbers from 1-100 in thirty seconds - Statistics

General Stats
  • This quiz has been taken 27 times
  • The average score is 48 of 100
Answer Stats
Answer % Correct
1
100%
19
100%
2
100%
3
100%
4
100%
5
100%
6
100%
7
100%
8
100%
9
100%
10
90%
11
90%
12
90%
13
90%
14
90%
15
90%
16
90%
17
90%
18
90%
20
90%
21
90%
22
90%
23
80%
24
80%
25
80%
26
80%
27
80%
30
80%
31
80%
34
80%
38
80%
28
70%
29
70%
32
70%
33
70%
35
70%
36
70%
37
70%
39
70%
40
70%
41
70%
44
70%
46
70%
42
60%
43
60%
45
60%
49
60%
51
60%
54
60%
47
50%
48
50%
50
50%
52
50%
53
50%
55
40%
56
40%
60
40%
61
40%
57
30%
58
30%
59
30%
62
30%
63
30%
64
30%
65
30%
66
30%
67
20%
100
10%
68
10%
70
10%
71
10%
78
10%
80
10%
81
10%
88
10%
89
10%
90
10%
99
10%
69
0%
72
0%
73
0%
74
0%
75
0%
76
0%
77
0%
79
0%
82
0%
83
0%
84
0%
85
0%
86
0%
87
0%
91
0%
92
0%
93
0%
94
0%
95
0%
96
0%
97
0%
98
0%
No matching quizzes found
Score Distribution
Percent of People with Each Score
Percentile by Number Answered
Your Score History
You have not taken this quiz